000 00691nam a2200277Ia 4500
005 20260324140130.0
008 008 260324s9999 xx 000 0 eng d
020 _a9781315275604
037 _aEBOOK
040 _aCRL
040 _beng
040 _cCRL
041 _2eng
041 _aeng
084 _qCRL
100 _aD.C. Barber; R.H Smallwood; B.H Brown; D.R Hose; P.V Lawford
_91203253
245 0 _aMedical Physics and Biomedical Engineering
260 _bTaylor and Francis
260 _c1999
365 _a
365 _b630
856 _uhttp://www.taylorfrancis.com/books/9781315275604
942 _cEBOOK
999 _c1804981
_d1804981